Bands und Künstler*innen, die in Benjis Top 666+ vorkommen - Statistiken

Allgemein
  • Dieses Quiz wurde 17 mal gespielt
    6 seit der letzten Aktualisierung
  • Das Durchschnittsergebnis liegt bei 183 aus 454
Antwortstatistiken
Songs Land Band % Korrekt
Hells Bells ; Back in Black Australien AC/DC
100%
Verdamp lang her : Kristallnaach Deutschland BAP
100%
Summer Of'69; Run To You Kanada Bryan Adams
100%
Schrei nach Liebe ; Deine Schuld Deutschland Die Ärzte
100%
Hier kommt Alex ; Strom Deutschland Die Toten Hosen
100%
Jailhouse Rock ; Burning Love USA Elvis Presley
100%
The Final Countdown ; Rock the Night Schweden Europe
100%
Flieger, grüß mir die Sonne ; Hurra, hurra, die Schule brennt Deutschland Extrabreit
100%
Paradise City ; Patience USA Guns N' Roses
100%
Kashmir ; Stairway to Heaven Vereinigtes Königreich Led Zeppelin
100%
Master Of Puppets ; One USA Metallica
100%
Smells Like Teen Spirit ; Heart-Shaped Box USA Nirvana
100%
In The Air Tonight ; Another Day in Paradise Vereinigtes Königreich Phil Collins
100%
Alt wie ein Baum ; Das Buch Deutschland / DDR Puhdys
100%
We Will Rock You ; Bohemian Rhapsody Vereinigtes Königreich Queen
100%
Rock You Like A Hurricane ; Rock Believer Deutschland Scorpions
100%
Help! ; Lady Madonna Vereinigtes Königreich The Beatles
100%
Hotel California ; Take It Easy USA The Eagles
100%
Paint It Black ; Angry Vereinigtes Königreich The Rolling Stones
100%
Dream On ; Walk This Way USA Aerosmith
67%
Ironic ; Thank U Kanada Alanis Morissette
67%
3 Tage am Meer ; Pocahontas Deutschland AnnenMayKantereit
67%
505 ; Dancing Shoes Vereinigtes Königreich Arctic Monkeys
67%
Rock Around The Clock ; See You Later, Alligator USA Bill Haley & His Comets
67%
We Didn't Start the Fire ; Piano Man USA Billy Joel
67%
Paranoid ; Iron Man Vereinigtes Königreich Black Sabbath
67%
All The Small Things ; What's My Age Again? USA blink-182
67%
Song 2 ; Girls & Boys Vereinigtes Königreich Blur
67%
Runaway ; Livin' On A Prayer USA Bon Jovi
67%
Smokin' ; More Than a Feeling USA Boston
67%
Surrender ; I Want You to Want Me USA Cheap Trick
67%
Am Fenster ; Casablanca Deutschland / DDR City
67%
Yellow ; Sparks Vereinigtes Königreich Coldplay
67%
Bad Moon Rising ; Fortunate Son USA Creedence Clearwater Revival
67%
Smoke On The Water ; Child In Time Vereinigtes Königreich Deep Purple
67%
Bring Me To Life ; My Immortal USA Evanescence
67%
Thnks fr th Mmrs ; Centuries USA Fall Out Boy
67%
My Hero ; Everlong USA Foo Fighters
67%
Land Of Confusion ; Jesus He Knows Me Vereinigtes Königreich Genesis
67%
Know Your Enemy ; American Idiot USA Green Day
67%
Devil Inside ; Need You Tonight Australien INXS
67%
Use Somebody ; Sex on Fire USA Kings of Leon
67%
Detroit Rock City ; I Was Made For Lovin' You USA KISS
67%
Crawling ; In the End USA Linkin Park
67%
Narcotic ; Ordinary Life Deutschland Liquido
67%
Ace of Spades ; White Line Fever Vereinigtes Königreich Motörhead
67%
Teenagers ; Welcome to the Black Parade USA My Chemical Romance
67%
Don't Speak ; It's My Life USA No Doubt
67%
Wonderwall ; Don't Look Back in Anger Vereinigtes Königreich Oasis
67%
Last Resort ; Scars USA Papa Roach
67%
Misery Business ; Still into You USA Paramore
67%
Cum on Feel the Noize ; Metal Health (Bang Your Head) USA Quiet Riot
67%
Blitzkrieg Bop ; Rockaway Beach USA Ramones
67%
Californication ; Snow (Hey Oh) USA Red Hot Chili Peppers
67%
Man On The Moon ; Losing My Religion USA R.E.M.
67%
Young Turks ; Maggie May Vereinigtes Königreich Rod Stewart
67%
Ghost Division ; To Hell And Back Schweden Sabaton
67%
The Sound of Silence ; El Conder Pasa USA Simon & Garfunkel
67%
All Star ; Pacific Coast Party USA Smash Mouth
67%
Two Princes ; Little Miss Can't Be Wrong USA Spin Doctors
67%
We Built This City ; Nothing's Gonna Stop Us Now USA Starship
67%
Abracadabra ; The Joker USA Steve Miller Band
67%
Still Waiting ; In Too Deep Kanada Sum 41
67%
Eye of the Tiger ; Burning Heart USA Survivor
67%
House of the Rising Sun ; Don't Let Me Be Misunderstood Vereinigtes Königreich The Animals
67%
London Calling ; Should I Stay or Should I Go Vereinigtes Königreich The Clash
67%
Zombie ; Linger Republik Irland The Cranberries
67%
Yuve Yuve Yu ; Wolf Totem Mongolei The HU
67%
Mr. Brightside ; Somebody Told Me USA The Killers
67%
There She Goes ; Feelin' Vereinigtes Königreich The La's
67%
I'm Gonna Be (500 Miles) ; I'm on My Way Vereinigtes Königreich The Proclaimers
67%
Bitter Sweet Symphony ; Lucky Man Vereinigtes Königreich The Verve
67%
My Generation ; Behind Blue Eyes Vereinigtes Königreich The Who
67%
Hold the Line ; Africa USA Toto
67%
Teenage Dirtbag ; A Little Respect USA Wheatus
67%
Denkmal ; Nur ein Wort Deutschland Wir sind Helden
67%
It's Not My Time ; Kryptonite USA 3 Doors Down
33%
Fast as a Shark ; Balls to the Wall Deutschland Accept
33%
New York Groove ; Rip It Out USA Ace Frehley
33%
Schlaf ; Der tote Trakt Deutschland Agrypnie
33%
Ready To Rock ; Too Much, Too Young, Too Fast Australien Airbourne
33%
Black Velvet ; Lover of Mine Kanada Alannah Myles
33%
Caught By My Shadow ; Set to Attack USA Albert Hammond Jr.
33%
Sapphire ; Protection Frankreich Alcest
33%
The Sunk 'n Norwegian ; Keelhauled Vereinigtes Königreich Alestorm
33%
Poison ; Schools Out USA Alice Cooper
33%
Would? ; Man in the Box USA Alice In Chains
33%
Drop Dead Cynical ; Amaranthine Schweden Amaranthe
33%
The Pursuit of Vikings ; Guardians of Asgaard Schweden Amon Amarth
33%
The Bee ; Wrong Direction Finnland Amorphis
33%
W.T.Y.D. ; Alison Hell Kanada Annihilator
33%
STFU ; They Don't Care About Us Deutschland Annisokay
33%
I Am The Law ; Antisocial USA Anthrax
33%
Never Surrender ; Savior Deutschland Any Given Day
33%
Life Burns ; I Don't Care Finnland Apocalyptica
33%
War Eternal ; We Will Rise Schweden Arch Enemy
33%
Animals ; Doomsday Vereinigtes Königreich Architects
33%
Stenka Na Stenku ; Yarilo Russland Arkona
33%
Heat Of The Moment ; Only Time Will Tell Vereinigtes Königreich Asia
33%
Like a Stone ; Cochise USA Audioslave
33%
Farewell ; Moonglow Deutschland Avantasia
33%
The Eagle Has Landed ; Hail the Apocalypse Schweden Avatar
33%
Welcome to the Family ; Hail to the King USA Avenged Sevenfold
33%
Smile ; Nobody's Home Kanada Avril Lavigne
33%
American Jesus ; 21st Century (Digital Boy) USA Bad Religion
33%
March to the Sea ; Take My Bones Away USA Baroness
33%
A Fine Day to Die ; Necromancy Schweden Bathory
33%
Beyond the Burning Skies ; Eden Finnland Battle Beast
33%
In Between ; Hated USA Beartooth
33%
Fight For Your Right ; Sabotage USA Beastie Boys
33%
Blind and Frozen ; One Night In Tokyo Finnland Beast in Black
33%
Summer ; Hand in Hand Deutschland Beatsteaks
33%
Heart of the Hurricane ; In The Shadows Deutschland Beyond The Black
33%
Rebel Yell ; White Wedding Vereinigtes Königreich Billy Idol
33%
Red Flag ; Reckless Paradise Kanada Billy Talent
33%
Valhalla ; Mirror Mirror Deutschland Blind Guardian
33%
Maria ; One Way Or Another USA Blondie
33%
Along Comes Mary ; I Hope You Die USA Bloodhound Gang
33%
Nu Delhi ; Bekhauf Indien Bloodywood
33%
Cold ; Maybe In Another Life Australien Bloom
33%
Summertime Blues ; Peace Of Mind USA Blue Cheer
33%
Vultures ; Garden of Heathen Norwegen Bokassa
33%
Machine ; Under The Gun USA Born Of Osiris
33%
Shadow Moses ; Can You Feel My Heart Vereinigtes Königreich Bring Me The Horizon
33%
Meine Sache ; Ist Da Jemand? Deutschland Broilers
33%
Prophecy of Ragnarök ; Yggdrasil Schweden Brothers of Metal
33%
Glory Days ; Dancing In The Dark USA Bruce Springsteen
33%
Liar ; What Have We Done Belgien Brutus
33%
Choke ; Man on Fire Vereinigtes Königreich Bury Tomorrow
33%
Into the Crypts of Rays ; A Dying God Coming into Human Flesh Schweiz Celtic Frost
33%
Are You Dead Yet? ; In Your Face Finnland Children of Bodom
33%
Biggest & The Best ; Out to Get Me Schweden Clawfinger
33%
Suicide Girls ; Take 'Em All Vereinigtes Königreich Cock Sparrer
33%
MAYDAY ; Bloody Power Fame Japan coldrain
33%
Atonement ; Paralyzed USA Conquer Divide
33%
Sunglasses At Night ; Never Surrender Kanada Corey Hart
33%
Halfway Down ; Black Eyes Blue USA Corey Taylor
33%
No Servant of Mine ; Love Me Kanada Counterparts
33%
White Room ; Sunshine Of Your Love Vereinigtes Königreich Cream
33%
Tourniquet ; Animal of Prey Deutschland Cripper
33%
young & beautiful ; Skeleton Deutschland DAMONA
33%
Had Enough ; Going out Tonight Kanada Danko Jones
33%
Mother ; Twist of Cain USA Danzig
33%
Atoma ; Misery's Crown Schweden Dark Tranquillity
33%
Funny ; They Say USA Daron Malakian and Scars on Broadway
33%
Space Oddity ; Heroes Vereinigtes Königreich David Bowie
33%
Crystal Mountain ; Voice of the Soul USA Death
33%
The Moth ; The Ultra-Violence USA Death Angel
33%
Earth Scar ; Iconoclast Polen Decapitated
33%
Face This on My Own ; Band of Brothers Australien Deez Nuts
33%
Let's Get Rocked ; Hysteria Vereinigtes Königreich Def Leppard
33%
Disease ; crooked mind Deutschland Defocus
33%
St. Pauli ; Scheiß auf Ironie Deutschland Deine Cousine
33%
The Gathering ; We Are the Others Niederlande Delain
33%
Opprobre ; Soufre Frankreich Déluge
33%
Fiddler on the Green ; Diabolic USA Demons & Wizards
33%
Lichtmensch ; Aufbruch Deutschland Der Weg einer Freiheit
33%
Auf und Nieder ; Es wird schlimmer Deutschland Die Apokalyptischen Reiter
33%
Supersonic Speed ; Love Suicide Deutschland Die Happy
33%
Puritania ; Gateways Norwegen Dimmu Borgir
33%
Holy Diver ; Rainbow In The Dark USA Dio
33%
Money For Nothing ; Walk Of Life Vereinigtes Königreich Dire Straits
33%
Protest and Survive ; Never Again Vereinigtes Königreich Discharge
33%
Down with the Sickness ; No More USA Disturbed
33%
Stop the Clocks ; So Long Deutschland Donots
33%
Down To The Bottom ; Black Sheep USA Dorothy
33%
Sorrow Of Sophia ; Rivers Between Us Schweden Draconian
33%
Hand in Hand ; White Lies Vereinigtes Königreich Dream State
33%
Pull Me Under ; Another Day USA Dream Theater
33%
Rose Tattoo ; I'm Shipping Up To Boston USA Dropkick Murphys
33%
Subjected to a Beating ; In the Trenches USA Dying Fetus
33%
Enemy List ; Strazna Vez Tschechien Dymytry
33%
Legends Never Die ; Revolt Tschechien Dymytry Paradox
33%
Viva La Victoria ; Roses on Your Grave Schweden Eclipse
33%
Take Me Home Tonight ; Two Tickets to Paradise USA Eddie Money
33%
King of Fools ; Vain Glory Opera Deutschland Edguy
33%
Was ist hier los? ; Verrückt Deutschland Eisbrecher
33%
Pump It ; My Own Summer Deutschland Electric Callboy
33%
Ategnatos ; Inis Mona Schweiz Eluveitie
33%
The Age of Revolution ; The Jaws of Oblivion Deutschland Emil Bulls
33%
I Am The Black Wizards ; Ye Entrancemperium Norwegen Emperor
33%
Optimisten ; Dunkelheit Deutschland ENGST
33%
Loke ; The Watcher Norwegen Enslaved
33%
Sorry You're Not a Winner ; Bloodshot Vereinigtes Königreich Enter Shikari
33%
Edge of the Blade ; Storm the Sorrow Niederlande Epica
33%
Born to Be Epic ; Unbesiegt Deutschland Equilibrium
33%
Cocaine ; Wonderful Tonight Vereinigtes Königreich Eric Clapton
33%
Thrasher ; Cult Vereinigtes Königreich Evile
33%
The Toxic Waltz ; Blacklist USA Exodus
33%
Epic ; Easy USA Faith No More
33%
Eweroun ; Vaer Stjernar Vaerden Deutschland Falkenbach
33%
Alles auf Rausch ; Schlaflos in Marseille Deutschland Feine Sahne Fischfilet
33%
The More the Merrier ; Perfect Gang Deutschland Fiddler's Green
33%
Don't Stop ; The Chain Vereinigtes Königreich Fleetwood Mac
33%
Devil's Dance Floor ; Drunken Lullabies USA Flogging Molly
33%
Cold as Ice ; Juke Box Hero USA Foreigner
33%
Out In The Fields ; Over The Hills And Far Away Vereinigtes Königreich Gary Moore
33%
Year Zero ; Dance Macabre Schweden Ghost
33%
Supernova ; HEAVY RAIN Deutschland GHØSTKID
33%
Race with the Devil ; Please Don't Touch Vereinigtes Königreich Girlschool
33%
Universe On Fire ; The Unicorn Invasion of Dundee Vereinigtes Königreich Gloryhammer
33%
Backbone ; The Gift of Guilt Frankreich Gojira
33%
Step Aside ; Oh No USA Goodbye June
33%
Radix Malorum ; Prayer Norwegen Gorgoroth
33%
Pumping Iron Power ; Laser Raptor 3D Deutschland Grailknights
33%
Rebellion (The Clans Are Marching) ; Heavy Metal Breakdown Deutschland Grave Digger
33%
Highway Tune ; Safari Song USA Greta Van Fleet
33%
Hostage to Heaven ; Pathetic Liar USA Grip Inc.
33%
Open Your Eyes ; Lords of the Boards Deutschland Guano Apes
33%
Star Rider ; The Astral Seer Schweden Hällas
33%
Behind the Mask ; Wir sind keine Band Deutschland Hämatom
33%
Ábær ; Evst Färöer Hamferð
33%
Hearts On Fire ; Hector's Hymn Schweden HammerFall
33%
Destroy Everything ; Looking Down The Barrel Of Today USA Hatebreed
33%
Prepare For Attack ; Point Of No Return USA Havok
33%
Little Girl ; Countdown To Insanity Deutschland H-Blockx
33%
Barracuda ; Alone USA Heart
33%
Endzeit ; Black Tears Deutschland Heaven Shall Burn
33%
Messiah ; Triumph of Death Schweiz Hellhammer
33%
Halloween ; Future World Deutschland Helloween
33%
Golden Dunst ; Eclipse Deutschland Heretoir
33%
Join Me In Death ; Wicked Game Finnland HIM
33%
Drag Me into the Woods ; Dark Stone USA Holy Fawn
33%
Disorder Of The Order ; I Bleed Deutschland Holy Moses
33%
The Passenger ; Lust For Life USA Iggy Pop
33%
Nothing Can Stop Me ; Bleeding USA Ignite
33%
Tyrants ; One by One Norwegen Immortal
33%
Frei zu sein ; Erdbeermund Deutschland In Extremo
33%
Orphan Soul ; Black Gold Republik Moldau Infected Rain
33%
Pinball Map ; Only for the Weak Schweden In Flames
33%
Kinship Elegiac ; Twilight Dänemark IOTUNN
33%
In-A-Gadda-Da-Vida ; Unconscious Power USA Iron Butterfly
33%
Fear of the Dark ; Running Free Vereinigtes Königreich Iron Maiden
33%
Kings & Queens ; Why Still Brother Deutschland ITCHY
33%
Closing Time ; Here Come the Drums USA Jaya the Cat
33%
Geh mer halt zu Slayer ; Verteidiger des Blödsinns Deutschland J.B.O.
33%
Great Balls Of Fire ; Wild One USA Jerry Lee Lewis
33%
The Middle ; Sweetness USA Jimmy Eat World
33%
Pisces ; Teacher, Teacher! Ukraine Jinjer
33%
Dämon, Die Flutt Deutschland Joachim Witt
33%
Crimson & Clover ; I Hate Myself for Loving You USA Joan Jett & the Blackhearts
33%
One Of Us ; St. Teresa USA Joan Osborne
33%
You're the Voice ; Two Strong Hearts Australien John Farnham
33%
St. Elmo's Fire ; Restless Heart Vereinigtes Königreich John Parr
33%
Wheel in the Sky ; Separate Ways (Worlds Apart) USA Journey
33%
Love Will Tear Us Apart ; Disorder Vereinigtes Königreich Joy Division
33%
Breaking the Law ; Painkiller Vereinigtes Königreich Judas Priest
33%
Last Living Dinosaur ; Black Sun Deutschland Kadavar
33%
Ruby ; I Predict A Riot Vereinigtes Königreich Kaiser Chiefs
33%
Volle Ladung Leben ; Underdogs Deutschland KAIZAA
33%
Menschenmühle ; Maulwurf Deutschland Kanonenfieber
33%
Themata ; Roquefort Australien Karnivool
33%
Iron Will ; Taking the World by Storm Kanada Kataklysm
33%
Old Heart Falls ; My Twin Schweden Katatonia
33%
Landungsbrücken raus ; Deiche Deutschland kettcar
33%
My Curse ; The End of Heartache USA Killswitch Engage
33%
21st Century Schizoid Man ; I Talk To The Wind Vereinigtes Königreich King Crimson
33%
I Feel Love ; Shine On Me Finnland Kingston Wall
33%
Six Feet Under ; You're Not Alone Deutschland Kissin' Dynamite
33%
Alter Mann ; Wir werden alle sterben Deutschland Knorkator
33%
Juodaan Viinaa ; Viinamäen Mies Finnland Korpiklaani
33%
Phobia ; Pleasure to Kill Deutschland Kreator
33%
Blodtørst ; Mjød Norwegen Kvelertak
33%
Layers of Time ; Our Truth Italien Lacuna Coil
33%
Laid to Rest ; Memento Mori USA Lamb of God
33%
Tired of It All ; Fantasy Frankreich LANDMVRKS
33%
Riders on the Wind ; Across the Sea Deutschland Leaves' Eyes
33%
Fly Away ; Again USA Lenny Kravitz
33%
Lhhc ; Trial by Fire USA Lionheart
33%
Hard Rock Hallelujah ; Blood Red Sandman Finnland Lordi
33%
Blood & Glitter ; Drag Me to Hell Deutschland Lord Of The Lost
33%
Midnight Blue ; Just Between You and Me USA Lou Gramm
33%
Turn Me Loose ; Working for the Weekend Kanada Loverboy
33%
Servant of Reality ; Reapers Fool Schweden Lowest Creature
33%
Locust ; Davidian USA Machine Head
33%
State of Mind ; Road Rash USA Mad Caddies
33%
Lass die Musik an ; Du schreibst Geschichte Deutschland Madsen
33%
Lange Nicht ; Zorn Deutschland Maerzfeld
33%
GASOLINE ; ZITTI E BUONI Italien Måneskin
33%
For You ; Blinded by the Light Vereinigtes Königreich Manfred Mann's Earth Band
33%
Necropolis ; Crystal Logic USA Manilla Road
33%
Battle Hymn ; Warriors of the World United USA Manowar
33%
Astral Kannibal ; Era Borealis Deutschland Mantar
33%
Wellenreiter ; Der Weg Deutschland Massendefekt
33%
Show Yourself ; Blood and Thunder USA Mastodon
33%
Freezing Moon ; Deathcrush Norwegen Mayhem
33%
Paradise By the Dashboard Light ; Bat Out of Hell USA Meat Loaf
33%
Symphony Of Destruction ; Tornado Of Souls USA Megadeth
33%
Evil ; Come to the Sabbath Dänemark Mercyful Fate
33%
Bitch ; Crazy USA Meredith Brooks
33%
Bleed ; Demiurge Schweden Meshuggah
33%
Sail the Darkness ; Assault Attack Vereinigtes Königreich Michael Schenker Group
33%
All Hail Hell ; Violence on Violence USA Midnight
33%
Beds Are Burning ; The Dead Heart Australien Midnight Oil
33%
Shadow On The Wall ; Moonlight Shadow Vereinigtes Königreich Mike Oldfield
33%
Escape Plan ; Spend My Day Kanada Mobina Galore
33%
Bruma ; Storm Dänemark MØL
33%
Dr. Feelgood ; Bad Boy Boogie USA Mötley Crüe
33%
To Be With You ; Daddy, Brother, Lover, Little Boy USA Mr. Big
33%
Sadistic Magician ; Wave of Death USA Municipal Waste
33%
Supermassive Blackhole ; Starlight Vereinigtes Königreich Muse
33%
The Cry of Mankind ; Your Broken Shore Vereinigtes Königreich My Dying Bride
33%
Scum ; Nazi Punks Fuck Off Vereinigtes Königreich Napalm Death
33%
This Flight Tonight ; Love Hurts Vereinigtes Königreich Nazareth
33%
You Get What You Give ; Someday We'll Know USA New Radicals
33%
Nemo ; Ghost Love Score Finnland Nightwish
33%
Linoleum ; Don't Call Me White USA NOFX
33%
Critical Mess ; Something Wicked USA Nuclear Assault
33%
Chopped in Half ; Visions in My Head USA Obituary
33%
Sie Hat Ihr Herz an St. Pauli Verloren ; Das Geld liegt auf der Straße Deutschland Ohrenfeindt
33%
New Dynamic ; The Last Hero Finnland Omnium Gatherum
33%
Augen auf! ; Labyrinth Deutschland OOMPH!
33%
Windowpane ; Under The Weeping Moon Schweden Opeth
33%
From The Inside ; Vultures of North Schweden Orbit Culture
33%
Panic Waves ; Stay Away Deutschland Our Promise
33%
Coma ; Blood Money USA Overkill
33%
Deep Rest ; Waste Deutschland Oversense
33%
Crazy Train ; No More Tears Vereinigtes Königreich Ozzy Osbourne
33%
Enchantment ; Hallowed Land Vereinigtes Königreich Paradise Lost
33%
Prey ; Wild Eyes Australien Parkway Drive
33%
Silberblick & Scherenhände ; Gottes Werk und Teufels Beitrag Deutschland Pascow
33%
Alive ; Black USA Pearl Jam
33%
Fuck Authority ; Songs Of Sorrow USA Pennywise
33%
Marigold ; Scarlet USA Periphery
33%
California ; Lonely Day USA Phantom Planet
33%
Every You Every Me ; The Bitter End Vereinigtes Königreich Placebo
33%
Talk Dirty To Me ; Every Rose Has Its Thorns USA Poison
33%
Trains ; Blackest Eyes Vereinigtes Königreich Porcupine Tree
33%
Executioner's Tax (Swing of the Axe) ; Hornet's Nest USA Power Trip
33%
Sanctified with Dynamite ; Demons Are A Girl's Best Friend Deutschland Powerwolf
33%
She Hates Me ; Blurry USA Puddle Of Mudd
33%
Straight To Hell ; Innovation Deutschland Rage
33%
Killing In The Name ; Guerrilla Radio USA Rage Against The Machine
33%
Tarrot Woman ; I Surrender Vereinigtes Königreich Rainbow
33%
Black Betty ; Hey Boogie Woman USA Ram Jam
33%
Savior ; Satellite USA Rise Against
33%
Rock 'N' Roll Outlaw Australien Rose Tattoo
33%
Getting Along ; Tommy-Gun Schweden Royal Republic
33%
Under Jolly Roger ; Ballad Of William Kid Deutschland Running Wild
33%
The Spirit Of Radio ; Tom Sawyer Kanada Rush
33%
The Fire Still Burns ; In The Night Vereinigtes Königreich Russ Ballard
33%
Surf Nicaragua ; The American Way USA Sacred Reich
33%
Born Too Late ; Saint Vitus USA Saint Vitus
33%
Große Träume ; Odins Raben Deutschland Saltatio Mortis
33%
Bròn ; Hearth Vereinigtes Königreich Saor
33%
K.I.N.G. ; Phoenix Norwegen Satyricon
33%
Edge of Thorns ; Hall of the Mountain King USA Savatage
33%
Let Me Feel Your Power ; Crusader Vereinigtes Königreich Saxon
33%
Dia De Muertos ; Kopf durch die Wand Deutschland Schattenmann
33%
Bruised And Bloodied ; Fake It Südafrika Seether
33%
Refuse / Resist ; Roots Bloody Roots Brasilien Sepultura
33%
Abgefucktes Leben ; Wir müssen weiter gehen Deutschland Serum 114
33%
God Save The Queen ; Anarchy In The UK Vereinigtes Königreich Sex Pistols
33%
I Saw You Burn ; Overshadows Israel Shredhead
33%
Niðavellir ; Kvadning Island Skálmöld
33%
Hit In The Pit ; Violent Raid Deutschland Skeleton Pit
33%
18 and Life ; I Remember Your USA Skid Row
33%
Unstoppable ; That's My Jam Vereinigtes Königreich Skindred
33%
Far Far Away ; My Oh My Vereinigtes Königreich Slade
33%
Raining Blood ; Black Magic USA Slayer
33%
Zusammen ; Sein wie die Deutschland Slime
33%
Psychosocial ; Custer USA Slipknot
33%
High Level ; Save Face Story Deutschland Slope
33%
Story of My Life ; I Was Wrong USA Social Distortion
33%
Agent Orange ; Bombenhagel Deutschland Sodom
33%
Lotus ; Savia Schweden Soen
33%
Distortion Sleep ; Death, I Hear You Calling Schweden Soilwork
33%
Bláfjall ; Fjara Island Sólstafír
33%
Fullmoon ; Replica Finnland Sonata Arctica
33%
Jumpdafuckup ; Prophecy USA Soulfly
33%
Black Hole Sun ; Spoonman USA Soundgarden
33%
Circle With Me ; Holy Roller Kanada Spiritbox
33%
Whatever You Want ; In The Army Now Vereinigtes Königreich Status Quo
33%
Born To Be Wild ; Magic Carpet Ride USA Steppenwolf
33%
Edge of Seventeen ; Leather and Lace USA Stevie Nicks
33%
Against Them All ; Amber USA Stick To Your Guns
33%
30/30-150 ; Through Glass USA Stone Sour
33%
First World Problem Child ; Guillotine USA Stray From The Path
33%
Leinen los ; Eisblumen Deutschland Subway To Sally
33%
Possessed To Skate ; Cyco Vision USA Suicidal Tendencies
33%
Dreamer ; Breakfast In America Vereinigtes Königreich Supertramp
33%
Listen to Someone ; Open Wound Vereinigtes Königreich Svalbard
33%
B.Y.O.B. ; Chop Suey! USA System Of A Down
33%
Road To Nowhere ; Psycho Killer USA Talking Heads
33%
Die with a Beer in Your Hand ; Alien Deutschland Tankard
33%
Cat Scratch Fever ; Stranglehold USA Ted Nugent
33%
The Last Hope in a World of Hopes ; Of Jupiter and Moons Italien Temperance
33%
Tribute ; Kickapoo USA Tenacious D
33%
Keepers of the Faith ; The Most High USA Terror
33%
The Pale King ; Into the Pit USA Testament
33%
Lost Boys ; Dance D'Amour Finnland The 69 Eyes
33%
Radio Rebelde ; Rolling Schweden The Baboon Show
33%
Boys Don't Cry ; Friday I'm In Love Vereinigtes Königreich The Cure
33%
Bohemian Like You ; Get Off USA The Dandy Warhols
33%
Coming Down That Road ; 1973 Niederlande The Deaf
33%
Drain the Blood ; City of Angels USA The Distillers
33%
Light My Fire ; Riders on the Storm USA The Doors
33%
Sex & Violence ; Beat the Bastards Vereinigtes Königreich The Exploited
33%
Summer Never Dies ; Timothée Chalamet USA The Foxies
33%
Strange Machines ; Leaves Niederlande The Gathering
33%
Engine 45 ; Safe And Sound USA The Ghost Inside
33%
All You Zombies ; Johnny B. USA The Hooters
33%
She's Kerosene ; Take Back The Power USA The Interrupters
33%
You Really Got Me ; All Day and All of the Night Vereinigtes Königreich The Kinks
33%
My Sharona ; Good Girl's Dont USA The Knack
33%
Mesopelagic: Into the Uncanny ; Jurassic | Cretaceous Deutschland The Ocean
33%
Come Out and Play ; Self Esteem USA The Offspring
33%
So Lonely ; Message In A Bottle Vereinigtes Königreich The Police
33%
And So It Went ; Make Me Wanna Die USA The Pretty Reckless
33%
Crash ; Way Behind Me Vereinigtes Königreich The Primitives
33%
Old Fashioned Fuck Off ; Raise My Voice Schweden The Sensitives
33%
1979 ; Disarm USA The Smashing Pumpkins
33%
The Adults Are Talking ; Reptilia USA The Strokes
33%
Brewing Up a Storm ; Everything That Rises Republik Irland The Stunning
33%
Freya ; Iron Swan USA The Sword
33%
Wild Thing ; Love Is All Around Vereinigtes Königreich The Troggs
33%
Crazy Horses ; On the Run Island The Vintage Caravan
33%
Automatic Sun ; Hell You Call A Dream Mexiko The Warning
33%
Whiskey In The Jar ; The Boys Are Back In Town Republik Irland Thin Lizzy
33%
Driving In Style ; Dog from Hell Schweden Thundermother
33%
Killing Season ; Reign of Darkness Australien Thy Art Is Murder
33%
Life Is A Highway ; Boy Inside The Man Kanada Tom Cochrane
33%
Free Fallin' ; Love Is A Long Road USA Tom Petty
33%
Learning To Fly ; American Girl USA Tom Petty and the Heartbreakers
33%
Forty Six & 2 ; Schism USA TOOL
33%
Blvckout ; Suburban Romance Deutschland To the Rats and Wolves
33%
Flowers and You ; New Halloween USA Touché Amoré
33%
I Want Your Love ; Baby I Don't Care Vereinigtes Königreich Transvision Vamp
33%
The Heart from Your Hate ; In Waves USA Trivium
33%
Arbeitslos durch den Tag ; Die Bierpartei Österreich TURBOBIER
33%
Abalonia ; Haubentaucherwelpen Deutschland Turbostaat
33%
BLACKOUT ; HOLIDAY USA Turnstile
33%
We're Not Gonna Take It ; I Wanna Rock USA Twisted Sister
33%
One ; Sunday Bloody Sunday Republik Irland U2
33%
Man and Machine ; Hungry and Angry Deutschland U.D.O.
33%
Doctor Doctor ; Space Child Vereinigtes Königreich UFO
33%
Cats In The Cradle ; Everything About You USA Ugly Kid Joe
33%
Der Traum ist aus ; Ebbe und Flut Deutschland UNIVERSUM25
33%
July Morning ; Lady In Black Vereinigtes Königreich Uriah Heep
33%
Panama ; Hot for Teacher USA Van Halen
33%
Countess Bathory ; Black Metal Vereinigtes Königreich Venom
33%
Lola Montez ; Lonesome Rider Dänemark Volbeat
33%
Remain Violent ; Living Weapon USA Warbringer
33%
All We Are ; Für immer Deutschland Warlock
33%
Wild Child ; I Wanne Be Somebody USA W.A.S.P.
33%
Four Walls ; THE GUILTY PARTY Vereinigtes Königreich While She Sleeps
33%
Here I Go Again ; Still of the Night Vereinigtes Königreich Whitesnake
33%
Thunder Kiss '65 ; More Human Than Human USA White Zombie
33%
Ice Queen ; Our Solemn Hour Niederlande Within Temptation
33%
Raum der Zeit ; Quadrat im Kreis Deutschland Wizo
33%
Owner of a Lonely Heart ; Roundabout Vereinigtes Königreich Yes
33%
SUCKAPUNCH ; Beautiful Way Vereinigtes Königreich You Me At Six
33%
We Can't Be Found ; Götterdämmerung Schweiz Zeal & Ardor
33%
La Grange ; Sharp Dressed Man USA ZZ Top
33%
Keine übereinstimmenden Quizze gefunden
Verteilung der Resultate
Anzahl Personen mit jedem Resultat
Perzentil nach korrekt beantworteten Fragen
Ihre Resultats-Entwicklung
Sie haben dieses Quiz seit der letzten Aktualisierung nicht gespielt